| 000 | 01169cam a2200325 a 4500 | ||
|---|---|---|---|
| 001 | 8682916 | ||
| 003 | ARRUPE | ||
| 005 | 20150209164242.0 | ||
| 008 | 101130s2011 nyua b 001 0 eng | ||
| 010 | _a 2010049055 | ||
| 020 | _a9780465021925 (alk. paper) | ||
| 020 | _z9780465023370 (E-book) | ||
| 020 | _a0465021921 (alk. paper) | ||
| 029 | 1 |
_aNZ1 _b13666054 |
|
| 035 | _a(OCoLC)ocn657595530 | ||
| 035 | _a(OCoLC)657595530 | ||
| 035 | _a(NNC)8682916 | ||
| 040 |
_aDLC _cDLC _dYDX _dBTCTA _dYDXCP _dIK2 _dABG _dBWX |
||
| 050 | 0 | 0 |
_aBJ1531 _b.G28 2011 |
| 082 | 0 | 0 |
_a179/.9 _222 |
| 100 | 1 |
_aGardner, Howard, _d1943- _913028 |
|
| 245 | 1 | 0 |
_aTruth, beauty, and goodness reframed : _beducating for the virtues in the age of truthiness and twitter / _cHoward Gardner. |
| 260 |
_aNew York : _bBasic Books, _cc2011. |
||
| 300 |
_axii, 244 p. : _bill. ; _c25 cm. |
||
| 504 | _aIncludes bibliographical references and index. | ||
| 505 | 0 | _aThe virtues and the challenges -- Truth -- Beauty -- Goodness -- A promising start -- Learning throughout life -- Looking ahead. | |
| 650 | 0 |
_aVirtues _xStudy and teaching. _914957 |
|
| 942 |
_2lcc _cMONOGRAPH |
||
| 999 |
_c121995 _d121995 |
||